000 00564nab a2200205 a 4500
005 20210219161511.0
008 991125s1985 mx 000 0 spa u
035 _aUPN01000186518
222 _aREVISTA LATINOAMERICANA DE PSICOLOGIA
245 _aEvaluación del liderazgo informal en equipos deportivos
260 _aBogotá, Colombia
300 _a157-165
362 0 _a2011 Vol. 43, no. 1
653 0 _aLIDERAZGO DEPORTIVO
653 0 _aDEPORTISTAS
653 0 _aEVALUACION
700 1 _aArce, Constantino
700 1 _ecoaut.
905 _aArticulo
999 _c158621
_d158621